Quotes from the film "Apocalypse Now" - Statistics

General Stats
  • This quiz has been taken 128 times
  • The average score is 7 of 15
Answer Stats
Hint Answer % Correct
I love the smell of ______ in the morning. Napalm
97%
Why do you guys all sit on your _______? Helmets
66%
You understand Captain, that this _______ does not exist, nor will it ever exist ... Mission
64%
Terminate ... with extreme _________ Prejudice
64%
Never get out of the ____ Boat
62%
_______ this war's gonna end. Someday
56%
The crew were mostly kids; rock & rollers with one foot in their _____ Grave
55%
You're an errand boy, sent by grocery clerks, to collect a ____ Bill
51%
The First of the Ninth was an old cavalry division that traded in their horses for ___________ Helicopters
49%
It's a way we had over here for living with ourselves. We cut 'em in half with a _______ ___ and give 'em a Band-Aid. Machine gun
40%
I watched a _____ crawl along the edge of a straight razor Snail
40%
You can either ____ or you can fight. Surf
37%
The war was being run by a bunch of four star ______ who were gonna end up giving the whole circus away Clowns
26%
I don't see any ______ at all, sir Method
20%
The _____. You're looking at the _____. Sometimes he goes too far. He's the first one to admit it. Heads
15%
No matching quizzes found
Score Distribution
Percent of People with Each Score
Percentile by Number Answered
Your Score History
You have not taken this quiz